000 00598nam a2200241 a 4500
001 0001-1333
003 ELIB.Books
008 150825 2010 eng
020 _a9780425221617
035 _a(ELIB.Books)0001-1488
092 _a248.4
_bLon
100 _aLong, Eddie L.
245 _a60 Seconds to Greatness
260 _aNew York
_bBerkley Praise
_c2010
300 _a291
_c23.5 Cm
500 _aDr. Min Oo
650 _aChristian Life
856 _nKBTS: Library
_uKBTS: Elib
942 _2ddc
_cBK
990 _a1
998 _cbat
_e2015-08-25
999 _c11333
_d11333